BIGBANG songs by English lyrics - Statistics

General Stats
  • This quiz has been taken 28 times
  • The average score is 12 of 24
Answer Stats
Chorus Answer % Correct
I'm singing my blu-u-ues Blue
100%
Why so serious? Crayon
100%
I'm so sorry but I love you Lies
95%
Lolli-lolli-lollipop Lollipop
95%
I love you baby I'm not a monster Monster
95%
Oh, girl, I cry cry /You're, my all, say goodbye Haru Haru
90%
Remember back in the day A boy
75%
I can't baby don't stop this Fantastic baby
75%
24/7 my heaven My heaven
65%
Bigbang, bigbang, don't stop/ let's play ok, ok Tonight
60%
BIGBANG rocks the night Gara Gara Go
55%
I remember when you walked through that door/ sat down on that chair Café
50%
I don′t wanna be without you girl Last Farewell
45%
Oh She's gone yeah / I love you girl She's gone
45%
I'm crazy more than ever Feeling
30%
Love is painful all the love is painful Without you
25%
'Cause you should be my lady Wedding dress
20%
She stands there looking at me/ I know she's wonderin' With U
20%
So I jump in my car go for a ride 1AM
15%
That's what you gotta know girl Always
15%
I'm breaking down down down down down What can I do
15%
Baby, take my hand, don't be afraid of me, just stay together Don't go home
10%
We were always meant to be GD guarantees Follow me
10%
This past without you /Can't forget you Koewokikasete
5%
No matching quizzes found
Score Distribution
Percent of People with Each Score
Percentile by Number Answered
Your Score History
You have not taken this quiz